Pokédex : Cinquième génération (Unys) - Statistiques

Statistiques générales
  • Ce quiz a été pris 291 fois
  • Le résultat moyen est 98 sur 156
Statistiques - réponses
Hint Réponse % Correct
0495 Vipélierre
96%
0498 Gruikui
94%
0501 Moustillon
94%
0494 Victini
94%
0503 Clamiral
93%
0500 Roitiflam
93%
0643 Reshiram
91%
0644 Zekrom
91%
0497 Majaspic
90%
0499 Grotichon
89%
0496 Lianaja
89%
0519 Poichigeon
86%
0502 Mateloutre
84%
0511 Feuillajou
83%
0513 Flamajou
83%
0515 Flotajou
83%
0646 Kyurem
83%
0521 Déflaisan
82%
0514 Flamoutan
80%
0516 Flotoutan
80%
0642 Fulguris
80%
0507 Ponchien
80%
0506 Ponchiot
80%
0639 Terrakium
80%
0645 Démétéros
79%
0505 Miradar
79%
0504 Ratentif
79%
0638 Cobaltium
78%
0508 Mastouffe
78%
0640 Viridium
78%
0641 Boréas
76%
0520 Colombeau
76%
0512 Feuiloutan
76%
0510 Léopardus
76%
0542 Manternel
76%
0517 Munna
76%
0522 Zébibron
76%
0509 Chacripan
74%
0610 Coupenotte
74%
0587 Emolga
74%
0551 Mascaïman
74%
0518 Mushana
74%
0633 Solochi
73%
0648 Meloetta
72%
0635 Trioxhydre
72%
0523 Zéblitz
72%
0541 Couverdure
71%
0540 Larveyette
71%
0553 Crocorible
70%
0538 Judokrak
70%
0647 Keldeo
70%
0634 Diamat
69%
0649 Genesect
69%
0612 Tranchodon
69%
0543 Venipatte
69%
0555 Darumacho
68%
0530 Minotaupe
68%
0544 Scobolide
68%
0539 Karaclée
67%
0529 Rototaupe
67%
0570 Zorua
66%
0534 Bétochef
65%
0545 Brutapode
65%
0532 Charpenti
65%
0554 Darumarond
65%
0621 Drakkarmin
65%
0526 Gigalithe
65%
0611 Incisache
65%
0524 Nodulithe
65%
0571 Zoroark
65%
0562 Tutafeh
63%
0533 Ouvrifier
62%
0607 Funécire
61%
0614 Polagriffe
61%
0613 Polarhume
61%
0637 Pyrax
61%
0579 Symbios
61%
0536 Batracné
59%
0580 Couaneton
59%
0537 Crapustule
59%
0609 Lugulabre
59%
0636 Pyronille
59%
0584 Sorbouboul
59%
0585 Vivaldaim
59%
0615 Hexagel
58%
0577 Nucléos
58%
0604 Ohmassacre
58%
0582 Sorbébé
58%
0632 Fermite
57%
0525 Géolithe
57%
0586 Haydaim
57%
0578 Méios
57%
0583 Sorboul
57%
0535 Tritonde
57%
0563 Tutankafer
57%
0602 Anchwatt
56%
0581 Lakmécygne
56%
0596 Mygavolt
56%
0595 Statitik
56%
0608 Mélancolux
55%
0531 Nanméouïe
55%
0599 Tic
55%
0631 Aflamanoir
54%
0564 Carapagos
54%
0527 Chovsourir
54%
0600 Clic
54%
0623 Golemastoc
54%
0603 Lampéroie
54%
0569 Miasmax
54%
0528 Rhinolove
54%
0574 Scrutella
54%
0546 Doudouvet
52%
0627 Furaiglon
52%
0625 Scalproie
52%
0576 Sidérella
52%
0550 Bargantua
51%
0601 Cliticlic
51%
0561 Cryptéro
51%
0575 Mesmérella
51%
0560 Baggaïd
50%
0559 Baggiguane
50%
0622 Gringolem
50%
0628 Gueriaigle
50%
0556 Maracachi
50%
0568 Miamiasme
50%
0624 Scalpion
50%
0630 Vaututrice
50%
0629 Vostourno
50%
0567 Aéroptéryx
49%
0549 Fragilady
49%
0565 Mégapagos
49%
0620 Shaofouine
49%
0593 Moyade
48%
0597 Grindur
47%
0592 Viskuse
47%
0566 Arkéapti
46%
0547 Farfaduvet
46%
0626 Frison
46%
0619 Kungfouine
46%
0572 Chinchidou
45%
0548 Chlorobule
45%
0616 Escargaume
45%
0617 Limaspeed
45%
0598 Noacier
44%
0588 Carabing
43%
0557 Crabicoque
43%
0573 Pashmilla
43%
0558 Crabaraque
42%
0589 Lançargot
42%
0618 Limonde
39%
0591 Gaulet
36%
0594 Mamanbo
36%
0590 Trompignon
36%
0605 Lewsor
35%
0606 Neitram
34%
0552 Escrocro
30%
Aucun quiz correspondant
Distribution des résultats
% des personnes avec chaque résultat
Percentile par nombre de réponses
Votre historique - résultats
Vous n’avez pas pris ce quiz